00401nam a2200121Ia 4500008004100000020001800041100001700059245005900076260004100135300004000176500004000216650002300256190925s9999 xx 000 0 und d a1-856260394-0 aGayler, Paul cPaul Gayler, Gus Filgate.--aA passion for potatoes /  aLondon : bKyle Cathie Limitedc2001 a166 pages : bcolored illustrations aIncludes index and acknowledgements aCooking (Potatoes)